|
|
|
|
| LEADER |
00000nam0a2200000 4500 |
| 001 |
74528 |
| 005 |
20231031085423.0 |
| 035 |
|
|
|a (RuTPU)RU\TPU\book\79492
|
| 090 |
|
|
|a 74528
|
| 100 |
|
|
|a 20050309d1978 km y0rusy50 ca
|
| 101 |
0 |
|
|a rus
|
| 102 |
|
|
|a UA
|
| 105 |
|
|
|a a g 001zy
|
| 200 |
1 |
|
|a Кодирование информации : Двоичные коды
|e справочник
|f Под ред. Н. Т. Березюка
|
| 210 |
|
|
|a Харьков
|c Вища школа
|d 1978
|
| 215 |
|
|
|a 1978
|c ил.
|
| 320 |
|
|
|a Библиогр.: с. 241-249.
|
| 610 |
1 |
|
|a вычислительная техника
|
| 610 |
1 |
|
|a кодирование
|
| 610 |
1 |
|
|a коды
|
| 610 |
1 |
|
|a двоичные коды
|
| 610 |
1 |
|
|a избыточные коды
|
| 610 |
1 |
|
|a оценка
|
| 610 |
1 |
|
|a выбор
|
| 610 |
1 |
|
|a справочники
|
| 675 |
|
|
|a 681.3.053(035)
|v 3
|
| 702 |
|
1 |
|a Березюк
|b Н. Т.
|g Николай Тимофеевич
|4 340
|
| 801 |
|
1 |
|a RU
|b 63413507
|c 20050309
|g PSBO
|
| 801 |
|
2 |
|a RU
|b 63413507
|c 20160712
|g PSBO
|
| 942 |
|
|
|c BK
|